Study Of The Credibility Of Utilizing Big Data in Various Domains (Record no. 97303)

MARC details
000 -LEADER
fixed length control field 00436nam a2200121Ia 4500
008 - FIXED-LENGTH DATA ELEMENTS--GENERAL INFORMATION
fixed length control field 230128s9999 xx 000 0 und d
041 ## - LANGUAGE CODE
Language code of text/sound track or separate title eng
082 ## - DEWEY DECIMAL CLASSIFICATION NUMBER
Classification number MAT PR0616
Item number MAT
100 ## - MAIN ENTRY--PERSONAL NAME
Personal name Mathew Sharon - 2k141077; Dr.Rachana Shikhare - Guide & [Company Name] - L&T Infotech
9 (RLIN) 118999
245 ## - TITLE STATEMENT
Title Study Of The Credibility Of Utilizing Big Data in Various Domains
260 ## - PUBLICATION, DISTRIBUTION, ETC. (IMPRINT)
Date of publication, distribution, etc. Sep-15
Name of publisher, distributor, etc. Savitribai Phule Pune University
Place of publication, distribution, etc. Pune
300 ## - PHYSICAL DESCRIPTION
Extent 80p

No items available.